Engineering thermodynamics (Record no. 4369)

000 -LEADER
fixed length control field 00584nam a22002177a 4500
001 - CONTROL NUMBER
control field 4369
003 - CONTROL NUMBER IDENTIFIER
control field BD-DhUET
008 - FIXED-LENGTH DATA ELEMENTS--GENERAL INFORMATION
fixed length control field 141115b xxu||||| |||| 00| 0 eng d
020 ## - INTERNATIONAL STANDARD BOOK NUMBER
International Standard Book Number 0582407265
040 ## - CATALOGING SOURCE
Original cataloging agency DLC
Language of cataloging DLC
Transcribing agency 0
Modifying agency BD-DhUET
082 ## - DEWEY DECIMAL CLASSIFICATION NUMBER
Item number ROG/1980
Classification number 621.01
100 ## - MAIN ENTRY--PERSONAL NAME
Personal name Rogers, G.F.C.
245 ## - TITLE STATEMENT
Title Engineering thermodynamics
Remainder of title work and heat transfer
250 ## - EDITION STATEMENT
Edition statement 3rd ed.
260 ## - PUBLICATION, DISTRIBUTION, ETC. (IMPRINT)
Place of publication, distribution, etc. Essex
Name of publisher, distributor, etc. English Language Books Society
Date of publication, distribution, etc. 1980
300 ## - PHYSICAL DESCRIPTION
Extent xvi,667p.
504 ## - BIBLIOGRAPHY, ETC. NOTE
Bibliography, etc Includes bibliographies
650 #0 - SUBJECT ADDED ENTRY--TOPICAL TERM
Topical term or geographic name as entry element Thermodynamics-Engineering
700 ## - ADDED ENTRY--PERSONAL NAME
Personal name Mayhew, Y. R.
942 ## - ADDED ENTRY ELEMENTS (KOHA)
Koha item type General Book
Holdings
Withdrawn status Damaged status Source of classification or shelving scheme Price effective from Not for loan Koha full call number Koha item type Koha issues (times borrowed) Sublocation or collection (holding branch) Koha date last seen Location (home branch) Piece designation (barcode) Copy number Koha date last borrowed Shelving location Koha normalized classification for sorting Lost status Date acquired
   2014-11-15 621.01/ROG/1980General Book1Central Library, BUET2018-09-15Central Library, BUET6858412018-04-21Circulation section621_010000000000000_ROG_1980 2014-11-15
   2014-11-29 621.01/ROG/1980General Book Central Library, BUET2014-11-29Central Library, BUET679072 Circulation section621_010000000000000_ROG_1980 2014-11-29
   2015-01-21 621.01/ROG/1980General Book Central Library, BUET2015-01-21Central Library, BUET679063 Circulation section621_010000000000000_ROG_1980 2015-01-21
   2015-04-18 621.01/ROG/1980General Book1Central Library, BUET2018-10-14Central Library, BUET6858342018-09-15Circulation section621_010000000000000_ROG_1980 2015-04-18
   2015-04-18 621.01/ROG/1980General Book Central Library, BUET2015-04-18Central Library, BUET679055 Circulation section621_010000000000000_ROG_1980 2015-04-18